1999 1489 1011 1246 1522 1018 1638 1895 1008 1570 1467 1147 1492 1788 1998 1891 1873 1649 1374 1025 1139 1245 1227 1906 1217 1620 1364 1302 1980 1650 1634 1973 1920 1391 1517 1189 1461 1433 1575 1924 1814 1477 1311 1034 1870 1268 1223 1009 1862 1436 1818 1035 1060 1966 1807 1427 1433 1798 1684 1034 1516 1056 1543 1883 1466 1784 1945 1562 1287 1640 1418 1714 1971 1595 1344 1208 1933 1601 1330 1880 1803 1079 1482 1752 1169 1863 1458 1438 1088 1084 1663 1294 1556 1069 1378 1682 1613 1929 1403 BCNSPRNW ULIB Ver.6.0+V

เปลี่ยนเป็นภาษาไทย

Change to English
 แสดงรายละเอียดบรรณานุกรม
  กลับหน้าหลัก

Brief Record : Get Marc (ISO 2709) : E-mail record : QR code < ปิดหน้าต่าง
สารบัญ Review โดย
ทศพร เกษรทอง
ห้องสมุดวิทยาเขตนครสวรรค์
ทศพร เกษรทอง เมื่อ25/เมษายน/2559
1.พัฒนาการทางจิตใจ
2.แนวคิดการเกิดโรคทางจิตเวช
3.ทฤษฎีจิตวิเคราะห์
4.การสัมภาษณ์และการตรวจทางจิตเวช
5.การทดสอบทางจิตวิทยา
6.อาการและอาการแสดงทางจิตเวช
7.การจำแนกโรคและการวินิจฉัยโรคทางจิตเวช
8.Delirium
9.โรคสมองเสื่อม
10.ปัญหาจากการใช้สารเสพติด
11.โรคจิตเภทและโรคจิตอื่นๆ
12.โรคอารมณืสองขั้ว
13.โรคซึมเศร้า
14.โรควิตกกังวล
15.โรคย้ำคิดย้ำทำและโรคอื่นที่เกี่ยวข้อง
16.โรคที่เกิดจากความกดดันทางจิตใจ
17.Dissociative Disorders
18.Somatic Symptom and Related Disorders
19.ปัจจัยทางจิตใจทีมีผลต่อภาวะความเจ็บป่วยทางกาย
20.อาการทางกายที่ไม่ทราบสาเหตุในเวชปฏิบัติ
21.ปัญหาการนอนหลับ
22.ความผิดปกติทางเพศ
23.Disruptive, Impulse-Control, and Conduct Disorders
24.บุคลิกภาพผิดปกติ
25.ปัญหาทางจิตเวชในผู้ป่วยทางกาย
26.จิตเวชฉุกเฉิน
27.การดูแลผู้ป่วยระยะสุดท้ายและการสูญเสีย
28.ทักษะการสื่อสารในเวชปฏิบัติ
29.การรักษาด้านจิตใจ
30.การให้คำแนะนำปรึกษา
31.การใช้ยาและ ECT
32.การสัมภาษณ์และการตรวจสภาพจิตเด็กและวัยรุ่น
33.โรคทางจิตเวชของเด็กและวัยรุ่น
34.โรคบกพร่องด้านการเรียน
35.Tic Disorder
36.ความผิดปกติในการกิน
37.โรคสมาธิสั้น
38.Autism Spectrum Disorder
39.ภาวะอื่นๆที่อาจเป็นประเด็นสำคัญทางคลินิก
40.นิติจิตเวชศาสตร์
41.สุขภาพจิตและระบบบริการสุขภาพจิตในประเทศไทย

LEADER : 00000nam 2200000uu 4500
001    13399124887
003     ULIB
008    160425s2558||||th 000 0 tha d
020    ^a9786162796272
060 04 ^aWM100^bม456จ
100 0  ^aมาโนช หล่อตระกูล
245 00 ^aจิตเวชศาสตร์รามาธิบดี /^cมาโนช หล่อตระกูล, ปราโมทย์ สุคนิชย์,บรรณาธิการ
250    ^aพิมพ์ครั้งที่ 4
260    ^aกรุงเทพฯ :^bภาควิชาจิตเวชศาสตร์ คณะแพทยศาสตร์โรงพยาบาลรามาธิบดี มหาวิทยาลัยมหิดล,^c2558
300    ^a640 หน้า :^bภาพประกอบ ;^c21 ซม.
650  7 ^aจิตเวชศาสตร์
650  7 ^aสุขภาพจิต
700 0  ^aปราโมทย์ สุคนิชย์,^eบรรณาธิการ
710 2  ^aมหาวิทยาลัยมหิดล. ^bคณะแพทยศาสตร์โรงพยาบาลรามาธิบดี.^bภาควิชาจิตเวชศาสตร์
945    ^p350^l0^i23478
945    ^p350^l0^i23479
945    ^p350^l0^i23480
945    ^p350^l0^i27978
945    ^p350^l0^i27979
999    ^aทศพร เกษรทอง
รายการนี้ยังไม่มีแท็ก
คุณยังไม่ได้ล็อกอิน คุณสามารถมีกิจกรรมร่วมกับเว็บไซต์ได้ แต่ต้องล็อกอินก่อน ::
  ล็อกอิน

รายการสื่อสารสนเทศ

ลำดับที่ ประเภท เลขเรียก/บาร์โค้ด สถานที่ สถานะ
1. วิทยาศาสตร์การแพทย์ และสุขภาพ
วิทยาศาสตร์การแพทย์ และสุขภาพ
สถานะ=หนังสือเก่า
WM100 ม456จ ฉ.1 
  Barcode: 23478
ห้องสมุดวิทยาเขตนครสวรรค์
►ส่วนจัดเก็บหนังสือเก่า นว.
บนชั้น
  ขอยืม
2. วิทยาศาสตร์การแพทย์ และสุขภาพ
วิทยาศาสตร์การแพทย์ และสุขภาพ
สถานะ=หนังสือเก่า
WM100 ม456จ ฉ.2 
  Barcode: 23479
ห้องสมุดวิทยาเขตนครสวรรค์
►ส่วนจัดเก็บหนังสือเก่า นว.
บนชั้น
  ขอยืม
3. วิทยาศาสตร์การแพทย์ และสุขภาพ
วิทยาศาสตร์การแพทย์ และสุขภาพ
สถานะ=หนังสือเก่า
WM100 ม456จ ฉ.3 
  Barcode: 23480
ห้องสมุดวิทยาเขตนครสวรรค์
►ส่วนจัดเก็บหนังสือเก่า นว.
บนชั้น
  ขอยืม
4. วิทยาศาสตร์การแพทย์ และสุขภาพ
วิทยาศาสตร์การแพทย์ และสุขภาพ
สถานะ=หนังสือเก่า
WM100 ม456จ ฉ.4 
  Barcode: 27978
ห้องสมุดวิทยาเขตนครสวรรค์
►ส่วนจัดเก็บหนังสือเก่า นว.
บนชั้น
  ขอยืม
5. วิทยาศาสตร์การแพทย์ และสุขภาพ
วิทยาศาสตร์การแพทย์ และสุขภาพ
สถานะ=หนังสือเก่า
WM100 ม456จ ฉ.5 
  Barcode: 27979
ห้องสมุดวิทยาเขตนครสวรรค์
►ส่วนจัดเก็บหนังสือเก่า นว.
บนชั้น
  ขอยืม

รายการใกล้เคียง
    ผู้แต่ง [มาโนช หล่อตระกูล]

    หัวเรื่อง [จิตเวชศาสตร์]
    หัวเรื่อง [สุขภาพจิต]

BibComment


ยังไม่เคยถูกคอมเมนท์

คอมเมนท์ทรัพยากรรายการนี้
  คอมเมนท์: จิตเวชศาสตร์รามา..


 Copyright 2026. Bcnsprnw @Library